Ký họa những kỹ năng cơ bản

Guardado en:
Detalles Bibliográficos
Autor principal: Hoàng Trác Quân
Formato: Libro
Publicado: Hà Nội Văn Hóa Thông Tin 2003
Materias:
Etiquetas: Agregar Etiqueta
Sin Etiquetas, Sea el primero en etiquetar este registro!
Thư viện lưu trữ: Trung tâm Học liệu Lê Vũ Hùng, Trường Đại học Đồng Tháp
LEADER 00686pam a22002058a 4500
001 00037477
005 20171102101124.0
008 170513s2003 ||||||Viesd
041 0 # |a Vie 
082 1 4 |a 743  |b K600H 
100 1 # |a Hoàng Trác Quân 
245 1 0 |a Ký họa những kỹ năng cơ bản  |c Hoàng Trác Quân, Lưu Xuân Lệ 
260 # # |a Hà Nội  |b Văn Hóa Thông Tin  |c 2003 
300 # # |a 99 tr.  |c 29.5 cm 
653 # # |a Ký họa  |a cơ bản 
653 # # |a kỹ năng 
852 # # |b Kho đọc  |j KD.1000495 
852 # # |j KM.0022004  |j KD.0021341 
910 |d 13/05/2017 
980 # # |a Trung tâm Học liệu Lê Vũ Hùng, Trường Đại học Đồng Tháp